000 00769nam a22002771 4500
001 19546
003 BD-RjUL
005 20211209000440.0
008 140224s1966 nyua b 000 0 eng
035 _a(BD-RjUL)19606
040 _aDLC
_cDLC
_dBD-RjUL
_beng
041 _aeng
082 0 0 _a701
_bMAN 1966
245 1 4 _aThe man-made object /
_cGyorgy Kepes
260 _aNew York :
_bG. Braziller,
_cc1966.
300 _a230 p. :
_billus. ;
_c29 cm.
490 0 _aVision+value series
504 _aIncludes bibliographies.
650 0 _aCreation (Literary, artistic, etc.)
_92740
650 0 _aArt
_xPhilosophy.
_953278
650 0 _aArt
_xTechnique.
_951920
700 1 _aKepes, Gyorgy
_960051
942 _2ddc
_cBK
999 _c19546
_d19546